ソロモン72柱 (The 72 Demons of Solomon) - Statistics

General Stats
  • This quiz has been taken 58 times
  • The average score is 13 of 72
Answer Stats
序列 地位 悪魔 % Correct
32 アスモデウス
52%
1 バエル
41%
9 パイモン
41%
5 総裁 マルバス
34%
68 ベリアル
34%
7 侯爵 アモン
28%
21 伯爵にして総裁 モラクス
28%
29 公爵 アスタロト
28%
37 侯爵 フェニックス
28%
61 王にして総裁 ザガン
28%
3 君主 ウァサゴ
24%
8 公爵 バルバトス
24%
10 総裁 ブエル
24%
33 総裁にして君主 ガープ
24%
35 侯爵 マルコシアス
24%
12 君主 シトリー
21%
13 ベレト
21%
22 伯爵にして君主 イポス
21%
23 公爵 アイム
21%
26 公爵 ブネ
21%
27 侯爵 ロノウェ
21%
31 総裁 フォラス
21%
49 公爵 クロケル
21%
56 公爵 グレモリー
21%
2 公爵 アガレス
17%
11 公爵 グシオン
17%
24 侯爵 ナベリウス
17%
34 伯爵 フルフル
17%
38 伯爵 ハルファス
17%
41 公爵 フォカロル
17%
42 公爵 ウェパル
17%
44 侯爵 シャックス
17%
50 騎士 フルカス
17%
54 公爵にして伯爵 ムルムル
17%
55 君主 オロバス
17%
57 総裁 オセ
17%
63 侯爵 アンドラス
17%
65 侯爵 アンドレアルフス
17%
70 君主 セーレ
17%
4 侯爵 ガミジン
14%
15 公爵 エリゴス
14%
17 総裁にして伯爵 ボティス
14%
18 公爵 バティン
14%
20 プルソン
14%
25 総裁にして伯爵 グラシャ=ラボラス
14%
28 公爵 ベリト
14%
30 侯爵 フォルネウス
14%
43 侯爵 サブナック
14%
45 王にして伯爵 ヴィネ
14%
48 総裁 ハーゲンティ
14%
52 公爵 アロケル
14%
53 総裁 カイム
14%
58 総裁 アミー
14%
64 公爵 フラウロス
14%
66 侯爵 キマリス
14%
69 侯爵 デカラビア
14%
71 公爵 ダンタリオン
14%
6 公爵 ウァレフォル
10%
14 侯爵 レラジェ
10%
16 公爵 ゼパル
10%
19 公爵 サレオス
10%
36 君主 ストラス
10%
39 総裁 マルファス
10%
47 公爵 ウヴァル
10%
51 バラム
10%
62 総裁 ウァラク
10%
72 伯爵 アンドロマリウス
10%
40 伯爵 ラウム
7%
46 伯爵 ビフロンス
7%
59 侯爵 オリアス
7%
60 公爵 ウァプラ
7%
67 公爵 アムドゥスキアス
7%
No matching quizzes found
Score Distribution
Percent of People with Each Score
Percentile by Number Answered
Your Score History
You have not taken this quiz